000 00688nam a2200229Ia 4500
003 OSt
005 20260119095054.0
008 210716s2014 xx 000 0 und d
020 _a9788177584073
040 _cAIMIT LIBRARY
041 _aeng
082 _a651.7
_bRUTA
100 _aRutherfoord, Andrea J.
_9251662
245 _aBasic communication skills for technology /
_cBy Andrea J. Rutherfoord.
250 _a2nd ed.
260 _aNew Delhi :
_bPearson Education ,
_c2014.
300 _axi,399 p.;
_bPB
_c24.5 cm.
650 _aFoundations
_9251663
650 _aForms of technical communication
_9251664
650 _aMechanics units
_9251665
942 _2ddc
_cBK
_k651.7 RUTA
999 _c194047
_d194047